01332nam a2200349 a 4500001001200000003000800012006001900020007001500039008004100054010001700095020001500112020002200127020002200149040002100171035002000192050002400212082001500236100002100251245010800272260004400380300002200424490003100446504006600477533015200543650002700695655002900722700002500751710001700776830004600793856012600839999001700965ebr10070503CaPaEBRm u cr cn|||||||||050811r20031997enk sb 001 0 eng  z 96015069  z0203050061 z0415112508 (hard) z0415140323 (pbk.) aCaPaEBRcCaPaEBR a(OCoLC)7074981214aBD331b.H573 2003eb04a111/.12201 aHoffman, Joshua.10aSubstanceh[electronic resource] :bits nature and existence /cJoshua Hoffman and Gary S. Rosenkrantz. aLondon ;aNew York :bRoutledge,c2003. axi, 218 p. 23 cm.1 aThe problems of philosophy aIncludes bibliographical references (p. [192]-213) and index. aElectronic reproduction.bPalo Alto, Calif. :cebrary,d2009.nAvailable via World Wide Web.nAccess may be limited to ebrary affiliated libraries. 0aSubstance (Philosophy) 7aElectronic books.2local1 aRosenkrantz, Gary S.2 aebrary, Inc. 0aProblems of philosophy (Routledge (Firm))40uhttp://site.ebrary.com/lib/rucke/Doc?id=10070503zAn electronic book accessible through the World Wide Web; click to view c30742d30742